| 000 | 01307cab a22003015a 4500 | ||
|---|---|---|---|
| 001 | L143299 | ||
| 008 | 080116s2008 xxk f 000 0 eng d | ||
| 035 | _a(Sirsi) u143299 | ||
| 041 | 0 | _aeng | |
| 100 | 1 | _aD'Orton-Gibson, David | |
| 245 | 0 | 0 |
_aUnderstanding section 21 _bavoid pitfalls with these common notices |
| 260 | _c2008 | ||
| 490 |
_aLetting Update Journal _v16(1) April 2008, 14-17(4) |
||
| 520 | _aContinues an examination of the legislation surrounding notices served under the Housing Act 1988 Section 21, or a Notice Seeking Possession. Illustrates the complex problems caused raised by periodic tenancies. Outlines the issues raised by the wording of savings clauses. Case law. (Part two of two - see also L141963). | ||
| 590 | _aKA | ||
| 650 | 2 | 4 | _aPROTECTION FROM EVICTION ACT 1977 |
| 650 | 2 | 4 | _aHOUSING ACT 1988 S21 |
| 650 | 2 | 4 | _aHOUSING ACT 1996 |
| 650 | 2 | 4 | _aSECTION 21 NOTICES |
| 650 | 2 | 4 | _aMCDONALD AND ANOTHER V FERNANDEZ AND ANOTHER |
| 650 | 2 | 4 | _aNOTTING HILL HOUSING TRUST V ROOMUS |
| 650 | 2 | 4 | _aCHURCH COMMISSIONERS FOR ENGLAND V MEYA |
| 650 | 2 | 4 | _aPADDINGTON CHURCHES HA V KHAN |
| 650 | 2 | 4 | _aRATCLIFFE V PARKES |
| 651 | 4 |
_aEngland and Wales _y1543- |
|
| 690 | _aPROPERTY-RESIDENTIAL PROPERTY-RESIDENTIAL LANDLORD AND TENANT-RESIDENTIAL LEASES | ||
| 942 | _n0 | ||
| 999 |
_c80132 _d80132 |
||